| 000 | 00462nam a2200145Ia 4500 | ||
|---|---|---|---|
| 008 | 150223s9999 xx 000 0 und d | ||
| 020 | _a9781594867347 | ||
| 050 |
_aQC 981.8 _b.G666 2009 |
||
| 100 | _aGore, Al. | ||
| 245 |
_aOur choice : _ba plan to solve the climate crisis / _cAl Gore. |
||
| 260 |
_aNew York : _bMelcher Media, _c2009 |
||
| 300 |
_a414 pages : _bColored, Illustration ; _c23 cm. |
||
| 504 | _aIncludes Index. | ||
| 650 |
_aScience _xClimate Crisis |
||
| 999 |
_c283307 _d283307 |
||